Provinces of Mozambique with a Map - Statistics

General Stats
  • This quiz has been taken 2,295 times
  • The average score is 7 of 11
Answers on the Map
Answers color-coded by a green-red scale on the quiz's map according to % correct below.
 
Answer Stats
Province % Correct
{Maputo} City
98%
{Maputo} Province
98%
Gaza
59%
Tete
59%
Cabo Delgado
54%
Zambézia
51%
Manica
49%
Nampula
49%
Niassa
48%
Sofala
48%
Inhambane
46%
No matching quizzes found
Score Distribution
Percent of People with Each Score
Percentile by Number Answered
Your Score History
You have not taken this quiz